00833nam a2200205 a 45000010005000000030005000050050017000100080041000270200018000680400026000862450075001122500025001872600049002122600050002612600030003113000016003415000194003576000057005516500019006083704CDMR20130419122108.0130130s2009||||sp |||||||||||||||||spa|d a9788480432047 aCDMRbcatcCPC GIRONA00aGerda TarocEditado por Irme Schaber, Richard Whelman y Kristen Lubben a1a ed. en castellà aBarcelonabMuseu Nacional d'Art de Catalunya aNew YorkbInternational Centre of Photography aGöttingenbSTEIDLc2009 a175 p.bil. aCatàleg en ocasió de l'exposició, organitzada pel International Centre of Photography, celebrada entre el 7 de juliol i el 27 de setembre de 2009 al Museu Nacional d'Art de Catalunya.1 aTaro, Gerdad1910-1937vCol·leccions de fotografies04aFotoperiodisme